Ekonometrická analýza vplyvov vybraných faktorov na zamestnanosť a nezamestnanosť v Slovenskej republike
Vysoká miera nezamestnanosti - hlavný ekonomický problém SR. Faktory pôsobiace na ponuku a dopyt po práci. Zostavenie časových radov príslušných ukazovateľov. Konštrukcia, kvantifikácia a interpretácia rovníc ponuky a dopytu po práci. Analytický rozklad ponuky a dopytu po práci na vplyvy faktorov. V...
Salvato in:
| Autore principale: | |
|---|---|
| Altri autori: | |
| Natura: | Capitolo di libro |
| Lingua: | slovacco |
| Soggetti: | |
| Tags: |
Nessun Tag, puoi essere il primo ad aggiungerne!!
|
MARC
| LEADER | 00000naa a2200000 4500 | ||
|---|---|---|---|
| 001 | r040433 | ||
| 005 | 20230929073419.2 | ||
| 041 | 0 | |a slo | |
| 044 | |a SK | ||
| 245 | 1 | 0 | |a Ekonometrická analýza vplyvov vybraných faktorov na zamestnanosť a nezamestnanosť v Slovenskej republike |c Ivan Šujan, Milota Šujanová |
| 520 | |a Vysoká miera nezamestnanosti - hlavný ekonomický problém SR. Faktory pôsobiace na ponuku a dopyt po práci. Zostavenie časových radov príslušných ukazovateľov. Konštrukcia, kvantifikácia a interpretácia rovníc ponuky a dopytu po práci. Analytický rozklad ponuky a dopytu po práci na vplyvy faktorov. Vplyv faktorov na vývoj nezamestnanosti a odvodenie niektorých komparatívnych výhod a nevýhod hospodárstva SR vo vzťahu k nej. | ||
| 610 | 2 | 0 | |a analýza ekonometrická |
| 610 | 2 | 0 | |a zamestnanosť |
| 610 | 2 | 0 | |a nezamestnanosť |
| 610 | 2 | 0 | |a Slovensko |
| 610 | 2 | 0 | |a ponuka práce |
| 610 | 2 | 0 | |a dopyt po práci |
| 610 | 2 | 0 | |a rady časové |
| 610 | 2 | 0 | |a analýza regresná |
| 610 | 2 | 0 | |a výhody komparatívne |
| 610 | 2 | 0 | |a 1990-1999 |
| 100 | 1 | |a Šujan, Ivan | |
| 700 | 1 | |a Šujanová, Milota | |